Geografia europea con la lettera H - Statistics

Statistiche generali
  • Questo quiz è stato fatto 170 volte
  • Il punteggio medio è 4 su 10
Statistiche sulle risposte
DOMANDA RISPOSTA % Corretto
Capitale finlandese Helsinki
99%
Città tedesca da cui provenivano in origine i reali inglesi Hannover
61%
Principale aeroporto londinese Heathrow
47%
Battaglia avvenuta nel 1066 in cui Guglielmo il Conquistatore si aggiudicò il trono inglese Hastings
33%
Capoluogo dell'isola cretese Heraklion
27%
Croazia in croato Hrvatska
26%
città fuori da Amsterdam, importante porto commerciale del Mare del Nord Haarlem
22%
La regione tedesca più a nord che fa coppia con Schleswig Holstein
21%
Città spagnola in Aragona Huesca
13%
Città danese, nota per il Castello di Kronborg, reso famoso da "Amleto" di Shakespeare Helsingor
6%
Nessun quiz corrispondente trovato
Distribuzione punteggi
Percentuale di utenti per punteggio
Percentile per numero di risposta
I tuoi punteggi nel tempo
Non hai fatto questo quiz